Operational guidelines for community schools (Record no. 52649)

MARC details
000 -LEADER
fixed length control field 00655nam a2200157 a 4500
008 - FIXED-LENGTH DATA ELEMENTS--GENERAL INFORMATION
fixed length control field 100805s2007 ||||||||||||||||| || u
050 ## - LIBRARY OF CONGRESS CALL NUMBER
Classification number GOV.ZAM(02)2007/5
110 ## - MAIN ENTRY--CORPORATE NAME
Corporate name or jurisdiction name as entry element Government of the Republic of Zambia (GRZ)
245 10 - TITLE STATEMENT
Title Operational guidelines for community schools
260 ## - PUBLICATION, DISTRIBUTION, ETC.
Place of publication, distribution, etc. Lusaka
Name of publisher, distributor, etc. Zambia. Ministry of Education (MOE)
Date of publication, distribution, etc. 2007
300 ## - PHYSICAL DESCRIPTION
Extent v, 22p.
350 ## - PRICE (NR) (BK AM CF MU VM SE) [OBSOLETE]
Price 0.00
650 ## - SUBJECT ADDED ENTRY--TOPICAL TERM
Topical term or geographic name entry element COMMUNITY SCHOOLS--ZAMBIA
710 ## - ADDED ENTRY--CORPORATE NAME
Corporate name or jurisdiction name as entry element Government of the Republic of Zambia. Ministry of Education
995 ## - RECOMMENDATION 995 [LOCAL, UNIMARC FRANCE]
-- 0.00
-- CBU-MAIN LIBRARY (Kitwe)
-- 1
-- 0.00
-- 1
-- AVAILABLE
-- Aug 6, 2010
-- Zambiana Collection
Holdings
Withdrawn status Lost status Source of classification or shelving scheme Damaged status Not for loan Home library Current library Shelving location Date acquired Total Checkouts Full call number Barcode Date last seen Price effective from Koha item type
          CBU-MAIN LIBRARY, KITWE. CBU-MAIN LIBRARY, KITWE.   11/30/2022   GOV.ZAM(02)2007/5 03006917 11/30/2022 11/30/2022 MONOGRAPH